Logo BPK

Biblioteka

Politechniki Koszalińskiej

Raum- und bauakustik Lärmabwehr / (Rekord nr 25960)

Szczegóły MARC
000 -ETYKIETA REKORDU
podpole kontrolne o stałej długości 00449nam a2200169 i 4500
001 - NUMER KONTROLNY REKORDU
pole kontrolne bg
040 ## - ŹRÓDŁO KATALOGOWANIA
Instytucja, która utworzyła rekord BPK
041 ## - KOD JĘZYKA
Kod języka tekstu pol
080 ## - UNIWERSALNA KLASYFIKACJA DZIESIĘTNA - UKD
UKD 534.8:69
008 - POLE O STAŁEJ DŁUGOŚCI - DANE KONTROLNE
podpole kontrolne o stałej długości s pl f |000 0 pol
100 1# - NAZWA OSOBOWA
Nazwa osobowa FURRER, Willi
245 #0 - TYTUŁ/ODPOWIEDZIALNOŚĆ
Tytuł Raum- und bauakustik Lärmabwehr /
Pozostałe elementy strefy tytułu i oznaczenia odpowiedzialności von Willi Furrer, Anselm Lauber.
260 ## - STREFA ADRESU WYDAWNICZEGO
Miejsce wydania Basel :
Nazwa wydawcy/dystrybutora Birkhäuser Verl,
Data publikacji, dystrybucji/powstania dokumentu 1972.
300 ## - STREFA OPISU FIZYCZNEGO
Objętość s. 282 :
Inne cechy fizyczne rys., ilustr., tab.
700 1# - HASŁO DODATKOWE - NAZWA OSOBOWA
Nazwa osobowa LAUBER, Anselm
856 ## - LOKALIZACJA I DOSTĘP DO ELEKTRONICZNYCH DOKUMENTÓW ZDALNYCH
Link (URL) http://koha.tu.koszalin.pl/cgi-bin/koha/opac-detail.pl?biblionumber=25960
Tekst linku Katalog online BPK
942 ## - DODATKOWE ELEMENTY (KOHA)
Typ dokumentu Książka
Egzemplarze
Wycofany Status egzemplarza Uszkodzony Dostępność Lokalizacja stała Lokalizacja bieżąca Miejsce przechowywania Sygnatura Kod kreskowy Typ dokumentu
      Dostępny Biblioteka Politechniki Koszalińskiej Biblioteka Politechniki Koszalińskiej Wypożyczalnia BG 17046 01739961 Książka
© 2023 Biblioteka Politechniki Koszalińskiej :: KOHA